اسلامی ریاست (Record no. 24175)
[ view plain ]
| 000 -LEADER | |
|---|---|
| fixed length control field | 00191nam a22000737a 4500 |
| 003 - CONTROL NUMBER IDENTIFIER | |
| control field | Nust |
| 005 - DATE AND TIME OF LATEST TRANSACTION | |
| control field | 20170519123008.0 |
| 008 - FIXED-LENGTH DATA ELEMENTS--GENERAL INFORMATION | |
| fixed length control field | 140509b xxu||||| |||| 00| 0 eng d |
| 020 ## - INTERNATIONAL STANDARD BOOK NUMBER | |
| Terms of availability | Available |
| 040 ## - CATALOGING SOURCE | |
| Original cataloging agency | DLC |
| Language of cataloging | DLC |
| Transcribing agency | RCMS |
| 082 ## - DEWEY DECIMAL CLASSIFICATION NUMBER | |
| Classification number | 181.07 ODI |
| 100 ## - MAIN ENTRY--PERSONAL NAME | |
| Personal name | Maududi,Syed Abu Ala |
| 9 (RLIN) | 1212 |
| 245 ## - TITLE STATEMENT | |
| Title | اسلامی ریاست |
| 260 ## - PUBLICATION, DISTRIBUTION, ETC. | |
| Place of publication, distribution, etc. | Lahore |
| Name of publisher, distributor, etc. | Islamic Publication Private Limited |
| Date of publication, distribution, etc. | c1967 |
| 300 ## - PHYSICAL DESCRIPTION | |
| Extent | 744,p: |
| Other physical details | ill: |
| Dimensions | 22,cm. |
| 538 ## - SYSTEM DETAILS NOTE | |
| Display text | Shelf # 13, Row # 2, Fiction. |
| 650 ## - SUBJECT ADDED ENTRY--TOPICAL TERM | |
| Topical term or geographic name entry element | Islam |
| 9 (RLIN) | 174 |
| 856 ## - ELECTRONIC LOCATION AND ACCESS | |
| Materials specified | Table of Content Only |
| 942 ## - ADDED ENTRY ELEMENTS (KOHA) | |
| Source of classification or shelving scheme | |
| Koha item type | Fiction |
| Withdrawn status | Lost status | Source of classification or shelving scheme | Damaged status | Not for loan | Collection code | Permanent Location | Current Location | Shelving location | Date acquired | Total Checkouts | Full call number | Barcode | Date last seen | Price effective from | Koha item type |
|---|---|---|---|---|---|---|---|---|---|---|---|---|---|---|---|
| School of Interdisciplinary Engineering and Sciences (SINES) | School of Interdisciplinary Engineering and Sciences (SINES) | Fiction | 05/09/2014 | 181.07 ODI | RCMS000875 | 05/09/2014 | 05/09/2014 | Fiction |
